00681 2200289 4500001002100000005001500021035002000036007000300056008004100059020002000100082001000120084001600130100001700146245003900163260002600202300001600228650000900244856000900253990001600262990001600278990001600294990001600310990001600326990001700342990001600359990001600375INLIS00000000000819120260413021702 a0010-0426000011ta260413 0 ind  a978-623203041-1 a613.2 a613.2 IDE a0 aIdewa Nyoman1 aAsuhan Gizi Klinik /cIdewa Nyoman aJakarta :bEGC,c2022 a500 ;c25cm 4aGizi aGIZI a00000000322 a00000000315 a00000000319 a00000000321 a00000000317 a000000003201 a00000000323 a00000000324